000 00790cam a22002653a 4500
001 32877
003 PGUSA
005 20140828083718.0
008 100618s2010||||xxu|||||s|||||000 | eng d
040 _aPGUSA
_beng
042 _adc
050 4 _aGR
100 1 _aStanley, Henry M.
_q(Henry Morton),
_d1841-1904
245 1 0 _aMy Dark Companions and Their Strange Stories
_h[electronic resource] /
_cHenry M. Stanley
260 _bProject Gutenberg,
_c2010
506 _aPublic domain in the USA.
516 _aElectronic text
653 _aAnimals -- Africa, Central
653 _aAnimals -- Folklore
653 _aFolklore -- Africa, Central
700 1 _aBuckley, Walter
830 0 _aProject Gutenberg
_v32877
856 4 0 _uhttp://www.gutenberg.org/ebooks/32877
942 _cEB
999 _c262132
_d262132